Events, phrases, and questions (رقم التسجيلة. 26429)
[ عرض عادي ]
| 000 -الفاتح | |
|---|---|
| حقل البيانات ثابتة الطول | 01174cam a2200325 a 4500 |
| 001 - رقم الضبط | |
| رقم الضبط | 9650972 |
| 003 - محدد رقم الضبط | |
| رقم الضبط | OSt |
| 005 - وقت وتاريخ اخر تعامل مع التسجيلة | |
| رقم الضبط | 20150408114103.0 |
| 006 - عناصر البيانات ثابتة الطول - خصائص المادة الاضافية-معلومات عامة | |
| حقل البيانات ثابتة الطول | m d |
| 007 - الحقل الثابت للوصف المادى- معلومات عامة | |
| حقل البيانات ثابتة الطول | cr n |
| 008 - عناصر البيانات ثابتة الطول - معلومات عامة | |
| حقل البيانات ثابتة الطول | 100817s2011 nyua sb 001 0 eng d |
| 020 ## - الرقم الدولى المعيارى للكتب | |
| الرقم الدولى المعيارى للكتاب | 9780199577774 |
| 020 ## - الرقم الدولى المعيارى للكتب | |
| الرقم الدولى المعيارى للكتاب | 9780199577781 (pbk.) |
| 035 ## - رقم ضبط النظام | |
| رقم ضبط النظام | (WaSeSS)ssj0000508769 |
| 040 ## - مصدر الفهرسة | |
| وكالة الفهرسة الأصلية | DLC |
| وكالة النسخ | DLC |
| وكالة التعديل | WaSeSS |
| 050 #4 - رقم طلب مكتبة الكونجرس | |
| رقم التصنيف | P121 |
| رقم المادة | .T76 2011 |
| 082 ## - رقم تصنيف ديوى العشرى | |
| رقم الطبعة | 22 |
| رقم التصنيف | 001.2076 |
| رقم المادة | TRE |
| 100 1# - المدخل الرئيسى - إسم شخصى | |
| الإسم الشخصى | Truswell, Robert. |
| 9 (RLIN) | 18305 |
| 210 10 - العنوان المختصر | |
| العنوان المختصر | Events, phrases, and questions |
| 245 10 - بيان العنوان | |
| العنوان | Events, phrases, and questions |
| الوسيط | [electronic resource] / |
| بيان المسئوليه,etc | Robert Truswell. |
| 260 ## - PUBLICATION, DISTRIBUTION, ETC. (IMPRINT) | |
| مكان الناشر او الموزع | Oxford ; |
| -- | New York, NY : |
| اسم الناشر او الموزع | Oxford University Press, |
| تاريخ النشر أو التوزيع | c2011. |
| 490 0# - بيان السلسلة | |
| عنوان السلسلة | Oxford studies in Theoretical Linguistics; |
| رقم المجلد/ التعيين التسلسلي | 33 |
| 504 ## - تبصرة ببليوجرافية | |
| تبصرة ببليوجرافية,الخ | Includes bibliographical references (p. [246]-255) and indexes. |
| 506 ## - تبصرة قيود الاتاحة | |
| قيود الإتاحة | License restrictions may limit access. |
| 650 #0 - المدخل الاضافى بالموضوع-مصطلح موضوعى | |
| مصطلح موضوعي أو اسم جغرافي كعنصر مدخل | Linguistics. |
| 773 #0 - مدخل المادة المضيفة | |
| العنوان | Oxford Scholarship Online Linguistics |
| 856 40 - الوصول و الموقع الالكترونى | |
| معرف المصدر الموحد | <a href="http://www.columbia.edu/cgi-bin/cul/resolve?clio9650972">http://www.columbia.edu/cgi-bin/cul/resolve?clio9650972</a> |
| تبصرة عامة | Full text available from Oxford Scholarship Online Linguistics |
| 910 ## - بيانات اختيارية للمستخدم | |
| User-option data | Library of Congress record |
| 942 ## - عناصر المدخل الإضافي( كوها) | |
| مصدر التصنيف او مخطط الترفيف | Dewey Decimal Classification |
| Koha [default] item type | DVD |
| حالة الفقد | نموذج السعر الفعال | حالة تلف | ليس للاعارة | رقم الطلب | تاريخ الاكتساب | الموقع الحالي | الباركود | الفرع الرئيسي | Date last seen | نوع المادة فى نظام كوها | مصدر التصنيف او خطة الترفيف | Total Checkouts |
|---|---|---|---|---|---|---|---|---|---|---|---|---|
| 2013-03-10 | 001.2076 TRE | 2012-12-24 | المكتبة المركزية بالمجمعة (CL) | 00401305 | المكتبة المركزية بالمجمعة (CL) | 2013-03-10 | كتاب | Dewey Decimal Classification | ||||
| 2013-03-10 | 001.2076 TRE | 2012-12-24 | المكتبة المركزية بالمجمعة (CL) | 00401304 | المكتبة المركزية بالمجمعة (CL) | 2013-03-10 | كتاب | Dewey Decimal Classification | ||||
| 2013-03-10 | 001.2076 TRE | 2012-12-24 | المكتبة المركزية بالمجمعة (CL) | 00401303 | المكتبة المركزية بالمجمعة (CL) | 2013-03-10 | كتاب | Dewey Decimal Classification |
